|
|
|
|
| LEADER |
00000nam0a2200000 4500 |
| 001 |
312612 |
| 005 |
20231102002513.0 |
| 035 |
|
|
|a (RuTPU)RU\TPU\book\337981
|
| 035 |
|
|
|a RU\TPU\book\333162
|
| 090 |
|
|
|a 312612
|
| 100 |
|
|
|a 20151225d1968 m y0rusy50 ca
|
| 101 |
0 |
|
|a rus
|
| 102 |
|
|
|a RU
|
| 105 |
|
|
|a a j 000zy
|
| 200 |
1 |
|
|a Организация и планирование машиностроительного производства
|e пособие по курсовому проектированию
|f А. Н. Климов, И. Д. Оленев, С. А. Соколицын
|
| 210 |
|
|
|a Ленинград
|c Машиностроение
|d 1968
|
| 215 |
|
|
|a 143 с.
|c черт.
|
| 320 |
|
|
|a Библиогр.: с. 141.
|
| 516 |
1 |
|
|a Организация и планирование производства
|
| 606 |
1 |
|
|a Машиностроительные заводы
|x Организация производства
|2 stltpush
|3 (RuTPU)RU\TPU\subj\41617
|9 61405
|
| 610 |
1 |
|
|a машиностроение
|
| 610 |
1 |
|
|a машиностроительное производство
|
| 610 |
1 |
|
|a организация
|
| 610 |
1 |
|
|a планирование
|
| 610 |
1 |
|
|a труд
|
| 610 |
1 |
|
|a заработная плата
|
| 610 |
1 |
|
|a расчеты
|
| 610 |
1 |
|
|a цеха
|
| 610 |
1 |
|
|a учебники
|
| 610 |
1 |
|
|a производственные процессы
|
| 610 |
1 |
|
|a календарное планирование
|
| 610 |
1 |
|
|a курсовое проектирование
|
| 675 |
|
|
|a 621.002:658.5(075.8)
|v 3
|
| 700 |
|
1 |
|a Климов
|b А. Н.
|g Алексей Николаевич
|
| 701 |
|
1 |
|a Оленев
|b И. Д.
|g Иван Дмитриевич
|
| 701 |
|
1 |
|a Соколицын
|b С. А.
|g Сергей Алексеевич
|
| 801 |
|
1 |
|a RU
|b 63413507
|c 20030414
|g PSBO
|
| 801 |
|
2 |
|a RU
|b 63413507
|c 20221124
|g PSBO
|
| 942 |
|
|
|c BK
|